000 00327nam a2200145Ia 4500
008 230406s9999 xx 000 0 und d
020 _a9780143441205
082 _a152.43
_bKATL
100 _aMadan Kataria
245 0 _aLaughter Yoga
260 _aGurugram
_bEbury Press
300 _a232
650 _aPranayam
942 _cBK
999 _c1660
_d1660